Covent Garden market : its history and restoration /

Bibliographic Details
Main Author: Thorne, Robert (Architectural historian)
Format: Book
Language:English
Published: London : Architectural Press, 1980.
Subjects:

MARC

Tag First Indicator Second Indicator Subfields
LEADER 00000cam a2200000 a 4500
001 in00000071950
005 20151008062457.0
008 810701s1980 enkabce b 00110 engm
010 |a  81460786  
015 |a GB80-21226 
020 |z 0853190986 :  |c 10.95 
020 |a 0851390994 (pbk.) 
020 |a 0851390986 
035 |a (OCoLC)06821217 
035 |9 AAK0303AM 
040 |a DLC  |c DLC  |d m.c.  |d TXA  |d UtOrBLW 
043 |a e-uk-en 
049 |a TXAM  |c [1442132] 
050 0 0 |a HF5474.G7  |b L685 
082 0 |a 942.1/32  |2 19 
100 1 |a Thorne, Robert  |c (Architectural historian) 
245 1 0 |a Covent Garden market :  |b its history and restoration /  |c Robert Thorne. 
264 1 |a London :  |b Architectural Press,  |c 1980. 
300 |a viii, 120 pages :  |b illustrations, maps, plans, portrait ;  |c 26 cm. 
336 |a text  |b txt  |2 rdacontent 
337 |a unmediated  |b n  |2 rdamedia 
338 |a volume  |b nc  |2 rdacarrier 
500 |a Includes index. 
500 |a Cushing Library/London Collection signed by the author. 
504 |a Bibliography: pages 117-118. 
610 2 0 |a Covent Garden Market. 
650 0 |a Markets  |z England  |z London  |x History. 
650 0 |a Markets  |z England  |z London  |x Conservation and restoration. 
999 |a MARS 
999 f f |s 5c06f7e8-4e17-316c-af62-2a48bbabb023  |i 3184fdff-685a-3272-a844-58b05578ade7  |t 0 
952 f f |p ric  |a Texas A&M University  |b Rellis Campus  |c Joint Library Facility  |d Remote Storage  |t 0  |e HF5474.G7 L685  |h Library of Congress classification  |i unmediated -- volume  |m A14806134846 
952 f f |p noncirc  |a Texas A&M University  |b College Station  |c Cushing Memorial Library & Archives  |d Cushing: London (Does not check out)  |t 0  |e HF5474.G7 L685  |h Library of Congress classification  |i unmediated -- volume 
998 f f |a HF5474.G7 L685  |t 0  |l Remote Storage 
998 f f |a HF5474.G7 L685  |t 0  |l Cushing: London (Does not check out)